00854nam a22002057a 4500003000500000005001700005008004100022010001000063011001000073035001000083040000900093100003600102245025900138260004100397300002200438502011200460650002500572650002500597650002600622CHAP20220329141812.0971013s1978 r 00010 d a74066 a75038 a84598 cCHAP00aGarza Leal, José Romeo de la. aSelección individual en germoplasma segregante (BC3) de una cruza intraespecífica de girasol (Helianthus annuus L.) silvestre por cultivado var. Vniimk 1646 y ensayo de rendimientos, durante el verano de 1977 y la primavera de 1978. en Apodaca, Nuevo a(Monterrey, N.L.) :bEl autor,c1978 a99 h.b: gráfs. aTesis (Ing. Agrónomo en Oriducción Agropecuaria) -- ITESM. Div. de Ciencias Agropecuarias y Marítimas14aGirasolxGenética.14aGirasolxHíbridos.14aGirasolxRendimiento.